|
|
|
|
| LEADER |
01679nam a2200433 4500 |
| 001 |
on1117451000 |
| 003 |
OCoLC |
| 005 |
20200326101203.0 |
| 006 |
m o d |
| 007 |
cr cnu---unuuu |
| 008 |
190905t20192019mau o 000 0 eng d |
| 040 |
|
|
|a OPELS
|b eng
|e rda
|e pn
|c OPELS
|d UKMGB
|d OCLCF
|d N$T
|d YDXIT
|d GrThAP
|
| 015 |
|
|
|a GBB9F3430
|2 bnb
|
| 016 |
7 |
|
|a 019533500
|2 Uk
|
| 020 |
|
|
|a 0128171707
|q electronic book
|
| 020 |
|
|
|a 9780128171707
|q electronic book
|
| 020 |
|
|
|a 9780128171691
|q print
|
| 035 |
|
|
|a (OCoLC)1117451000
|
| 050 |
|
4 |
|a HM251
|b .A35 vol. 60
|a HM1033
|
| 082 |
0 |
4 |
|a 302
|2 23
|
| 245 |
0 |
0 |
|a Advances in experimental social psychology.
|n Volume 60 /
|c edited by James M. Olson.
|
| 250 |
|
|
|a First edition.
|
| 264 |
|
1 |
|a Cambridge, MA :
|b Academic Press is an imprint of Elsevier,
|c 2019.
|
| 264 |
|
4 |
|c Ã2019
|
| 300 |
|
|
|a 1 online resource.
|
| 336 |
|
|
|a text
|b txt
|2 rdacontent
|
| 337 |
|
|
|a computer
|b c
|2 rdamedia
|
| 338 |
|
|
|a online resource
|b cr
|2 rdacarrier
|
| 490 |
1 |
|
|a Advances in experimental social psychology ;
|v volume 60
|
| 588 |
|
|
|a Description based on online resource; title from digital title page (viewed on December 11, 2019).
|
| 650 |
|
0 |
|a Social psychology.
|
| 650 |
|
0 |
|a Social psychology
|x Research.
|
| 650 |
|
7 |
|a Social psychology.
|2 fast
|0 (OCoLC)fst01122816
|
| 650 |
|
7 |
|a Social psychology
|x Research.
|2 fast
|0 (OCoLC)fst01122828
|
| 655 |
|
4 |
|a Electronic books.
|
| 700 |
1 |
|
|a Olsen, James M.,
|e editor.
|
| 776 |
0 |
8 |
|i Print version:
|z 9780128171691
|
| 830 |
|
0 |
|a Advances in experimental social psychology ;
|v v. 60.
|
| 856 |
4 |
0 |
|3 ScienceDirect
|u https://www.sciencedirect.com/science/bookseries/00652601/60
|z Full Text via HEAL-Link
|